000 01302nam a2200337Ia 4500
001 ebr10091341
003 CaPaEBR
006 m u
007 cr cn|||||||||
008 050331s2005 maua sb 001 0 eng d
010 _z 05045271
020 _z1580537944
020 _z1580537936 (alk. paper)
040 _aCaPaEBR
_cCaPaEBR
035 _a(OCoLC)70754089
050 1 4 _aTK5103.4875
_b.K46 2005eb
082 0 4 _a621.3845
_222
100 1 _aKenington, Peter B.
245 1 0 _aRF and baseband techniques for software defined radio
_h[electronic resource] /
_cPeter B. Kenington.
260 _aBoston :
_bArtech House,
_cc2005.
300 _axiii, 332 p. :
_bill.
490 1 _aArtech House mobile communications series
504 _aIncludes bibliographical references and index.
533 _aElectronic reproduction.
_bPalo Alto, Calif. :
_cebrary,
_d2009.
_nAvailable via World Wide Web.
_nAccess may be limited to ebrary affiliated libraries.
650 0 _aSoftware radio.
650 0 _aRadio circuits
_xDesign.
655 7 _aElectronic books.
_2local
710 2 _aebrary, Inc.
830 0 _aArtech House mobile communications series.
856 4 0 _uhttp://site.ebrary.com/lib/rucke/Doc?id=10091341
_zAn electronic book accessible through the World Wide Web; click to view
999 _c72544
_d72544